[Event "FIDE Chesscom Grand Swiss 2021"]
[Site "Riga"]
[Date "2021.10.27"]
[Round "1.1"]
[White "Caruana, Fabiano"]
[Black "Chigaev, Maksim"]
[Result "1-0"]
[WhiteElo "2800"]
[BlackElo "2639"]
[Annotator "TA"]
[PlyCount "67"]
[EventDate "2021.10.27"]
[EventType "swiss"]
[EventCountry "LAT"]
[Tiebreak "Cut1 Buchholz+Sonneborn-Berger (Swiss)"]
[SourceTitle "playchess.com"]
[Source "ChessBase"]
[SourceQuality "1"]

{[%evp 12,67,25,6,34,29,20,28,44,33,48,52,59,50,52,49,68,47,69,74,76,76,68,0,8,
0,1,-33,68,27,55,43,46,46,56,0,0,0,0,0,0,0,0,0,191,162,153,99,315,311,632,633,
1140,1131,12822,7312,2050,1310]} 1. e4 c5 2. Nf3 d6 3. d4 cxd4 4. Nxd4 Nf6 5.
Nc3 a6 6. h3 e6 7. g4 h6 {B81: Sicilian Scheveningen: Keres Attack.} 8. a3 $5 {
[%mdl 4] Exploring less charted territory.} Be7 9. Be3 Nc6 {White has an edge.}
10. Rg1 {[#]} Nd7 $146 ({Predecessor:} 10... Qc7 11. Qe2 Nxd4 12. Bxd4 e5 13.
Be3 Be6 14. O-O-O Rc8 15. Kb1 Qc6 16. Bg2 Nd7 {1/2-1/2 (29) Zolochevsky,V 
(2365)-Ermolaev,A (2431) ICCF email 2011}) 11. Be2 g5 12. Qd2 Nce5 13. O-O-O b5
14. h4 Bb7 15. hxg5 hxg5 16. Rh1 Rg8 17. Rh5 (17. Nb3 $14) 17... Rc8 18. Rdh1
Bf6 19. f3 Qe7 (19... Nb6 $1 $15) 20. Kb1 Nc4 21. Bxc4 Rxc4 22. b3 Rc8 23. Nd5
exd5 $11 24. Nf5 $36 {[%cal Rf5e7][%mdl 2048] White has some pressure.} Qe6 {
And now ...Bc3 would win.} 25. Bxg5 {aiming for exd5.} Bc3 26. Qh2 Ne5 ({
Avoid the trap} 26... dxe4 $2 27. Nxd6+ Kf8 28. Nxc8 $18 (28. Nxb7 exf3 29.
Bh6+ Ke7 $18)) 27. Rh6 Rg6 (27... Ng6 $1 $11 28. Nxd6+ Kd7 29. Nxb7 Kc6 30.
exd5+ Qxd5 {[%mdl 64] Double Attack} 31. Nd8+ Rcxd8 32. Bxd8 Rxd8) 28. Rxg6
Qxg6 {[#]} 29. Qf4 (29. Qf2 $142 $1 Qxg5 30. Qb6) 29... Nxf3 $2 {This costs
Black the game.} 30. Qxf3 $18 dxe4 $2 (30... Be5) 31. Qe3 {White is clearly
winning.} Bg7 {[#]} 32. Qa7 $1 Qxg5 (32... Kd7 33. Rd1) 33. Qxb7 {[%mdl 64]
Double Attack} Rd8 34. Rh7 {Weighted Error Value: White=0.12/Black=0.51} 1-0

[Event "FIDE Chesscom Grand Swiss 2021"]
[Site "Riga"]
[Date "2021.10.27"]
[Round "1.2"]
[White "Tabatabaei, M. Amin"]
[Black "Aronian, Levon"]
[Result "1/2-1/2"]
[WhiteElo "2639"]
[BlackElo "2782"]
[Annotator "TA"]
[PlyCount "109"]
[EventDate "2021.10.27"]
[EventType "swiss"]
[EventCountry "LAT"]
[Tiebreak "Cut1 Buchholz+Sonneborn-Berger (Swiss)"]
[SourceTitle "playchess.com"]
[Source "ChessBase"]
[SourceQuality "1"]

{[%evp 12,109,26,21,30,9,9,12,26,1,6,0,0,4,5,14,15,0,0,0,6,8,8,4,34,33,48,40,
57,55,76,45,42,45,45,46,43,36,46,45,47,48,51,38,37,0,48,36,50,36,37,37,38,60,
89,39,36,32,89,47,47,47,47,59,126,126,116,47,47,47,47,47,47,47,47,47,47,47,47,
47,47,47,47,47,47,47,47,47,47,47,47,47,47,47,47,47,47,47,47,30]} 1. d4 d5 2. c4
dxc4 3. Nf3 e6 4. e3 Nf6 5. Bxc4 a6 6. O-O c5 7. b3 {7.dxc5 is setting a new
trend.} Nbd7 {D27: Queen's Gambit Accepted: Classical main line: 7 e4!? and 7
a4.} 8. Nbd2 b6 9. Bb2 Bb7 {The position is equal.} 10. Be2 Be7 11. Ne5 {[#]}
cxd4 $146 ({Predecessor:} 11... O-O 12. Bf3 Qc7 13. Nxd7 Nxd7 14. Rc1 Qb8 15.
Nc4 Rd8 16. Qe2 Bf6 17. Rfd1 cxd4 18. Bxd4 Bxf3 19. Qxf3 Bxd4 20. Rxd4 {
1-0 (36) Nikolaidis,I (2565)-Paunovic,D (2495) Korinthos 1997}) 12. Nxd7 Qxd7
13. Bxd4 b5 14. Bf3 (14. Qc2 {looks sharper.} O-O 15. Qb2 Rfd8 16. Nf3 Qd5 17.
a4) 14... O-O 15. Bxf6 Bxf3 16. Nxf3 Qxd1 17. Rfxd1 gxf6 18. Rd7 Rfe8 19. g4
Kf8 20. Rc1 Rec8 21. Rcc7 (21. Rxc8+ {feels hotter.} Rxc8 22. Ra7 Rc6 23. Nd4
Rb6 24. Kg2) 21... Rxc7 22. Rxc7 $14 {[%mdl 4096] Endgame KRB-KRN} Bd6 23. Rb7
Bc5 24. Kf1 Rc8 25. h4 h6 26. h5 Rc6 27. Ke2 Rc8 28. Kf1 Ke8 29. Nd2 Kf8 30.
Ne4 Kg7 31. Kg2 Rc6 32. Rb8 Bd6 33. Rd8 Bb4 34. Ra8 Bd6 (34... Be1 $14) 35. f4
Bb4 36. Kf3 Be1 37. Ke2 f5 {[#]} 38. gxf5 $1 $16 exf5 {[#]} 39. Nd6 {[%mdl 512]
} Rxd6 $14 {White is slightly better.} 40. Kxe1 {KR-KR} Kf6 41. Rc8 Ke6 42. Rh8
Ke7 43. Ke2 Kd7 $1 44. Rf8 Ke7 45. Rc8 Kd7 46. Ra8 Ke7 47. Ra7+ Ke6 48. Kf3 Kf6
49. Ra8 Ke7 50. Ke2 Kd7 51. a4 bxa4 $1 52. bxa4 Ke7 53. Rc8 Kd7 54. Rb8 Ke7 55.
Rb7+ {Weighted Error Value: White=0.07/Black=0.07} 1/2-1/2

[Event "FIDE Chesscom Grand Swiss 2021"]
[Site "Riga"]
[Date "2021.10.27"]
[Round "1.3"]
[White "Firouzja, Alireza"]
[Black "Abasov, Nijat"]
[Result "1-0"]
[WhiteElo "2770"]
[BlackElo "2638"]
[Annotator "TA"]
[PlyCount "55"]
[EventDate "2021.10.27"]
[EventType "swiss"]
[EventCountry "LAT"]
[Tiebreak "Cut1 Buchholz+Sonneborn-Berger (Swiss)"]
[SourceTitle "playchess.com"]
[Source "ChessBase"]
[SourceQuality "1"]

{[%evp 9,55,16,33,27,31,33,31,20,28,22,50,55,60,59,58,46,47,50,51,44,52,47,58,
52,66,60,100,104,97,99,98,110,170,164,206,216,426,428,496,450,590,589,571,572,
1267,1058,967,931]} 1. e4 e5 2. Nf3 Nf6 3. d4 Nxe4 4. dxe5 d5 5. Nbd2 Be7 6.
Nxe4 {C43: Petroff Defence: 3 d4.} dxe4 7. Qxd8+ Bxd8 8. Nd4 {White is
slightly better.} Nd7 9. Bf4 {[#]} Nc5 $146 ({Predecessor:} 9... O-O 10. O-O-O
c6 11. e6 Nb6 12. Bd6 Bg5+ 13. Kb1 Re8 14. exf7+ Kxf7 15. Be2 Bf6 {1/2-1/2 (31)
Wen,Y (2613)-Bai,J (2585) Xinghua 2017}) 10. O-O-O c6 11. Bc4 Be7 12. Rhe1 a5
13. h3 h5 14. a3 Bd7 15. Kb1 b5 16. Ba2 O-O 17. g4 hxg4 18. hxg4 Bxg4 19. Nxc6
Rfe8 20. Rd5 Rac8 {[#]} (20... Bf8 $16) 21. Na7 $1 $18 ({Don't do} 21. Nxa5 $6
Be6 $16) 21... Ra8 22. Nxb5 Reb8 $2 (22... Be6 {might work better.} 23. Rdd1
Bxa2+ 24. Kxa2 Rec8) 23. Nc7 {White is clearly winning.} Ra7 24. e6 $1 {
[%cal Re6f7]} Rab7 25. exf7+ Kf8 26. Be5 Nd7 {[#]} 27. Rxd7 Bxd7 28. Rh1 {
[%cal Rh1h8] Weighted Error Value: White=0.01/Black=0.41} 1-0

[Event "FIDE Chesscom Grand Swiss 2021"]
[Site "Riga"]
[Date "2021.10.27"]
[Round "1.4"]
[White "Niemann, Hans Moke"]
[Black "Vachier-Lagrave, Maxime"]
[Result "1/2-1/2"]
[WhiteElo "2638"]
[BlackElo "2763"]
[Annotator "TA"]
[PlyCount "66"]
[EventDate "2021.10.27"]
[EventType "swiss"]
[EventCountry "LAT"]
[Tiebreak "Cut1 Buchholz+Sonneborn-Berger (Swiss)"]
[SourceTitle "playchess.com"]
[Source "ChessBase"]
[SourceQuality "1"]

{[%evp 13,66,28,25,17,22,14,12,12,17,0,0,0,10,0,0,0,18,16,7,7,7,7,2,0,0,0,5,0,
0,-6,-8,-12,5,4,2,2,4,0,0,-43,-43,-43,-43,-43,-43,-60,-43,-66,0,-66,0,-67,0,
-67,0]} 1. Nf3 c5 2. c4 Nc6 3. Nc3 e5 4. e3 Nf6 5. d4 exd4 6. exd4 d5 7. Be2
cxd4 {is cutting edge theory.} 8. Nxd4 {A34: Symmetrical English: 2 Nc3, lines
with ...d5.} dxc4 9. Nxc6 {[%csl Gc6][%cal Rd1d8] [#]} Qxd1+ 10. Nxd1 {
Strongly threatening Nd4.The position is equal.} bxc6 11. Bd2 Be6 12. Rc1 {[#]}
Ne4 $146 ({Predecessor:} 12... O-O-O 13. Bxc4 Bxc4 14. Rxc4 Kb7 15. Ne3 Nd5 16.
O-O Nb6 17. Rc2 Bc5 18. Rfc1 Bxe3 19. Bxe3 {1/2-1/2 (48) Magyar,O (2278)
-Bekefi,L (2284) Hungary 2005}) 13. Bxc4 Nxd2 14. Kxd2 Bb4+ 15. Ke2 Bg4+ 16. f3
Bd7 17. Nf2 Ke7 18. Rhd1 Rhd8 19. Bb3 Be8 (19... Rac8 {keeps more tension.} 20.
Nd3 Ba5 21. Nc5 Bf5 22. g4 Rxd1 23. Rxd1 Bb6) 20. Nd3 Ba5 21. Ne5 (21. g3 {
with more complications.} Rac8 22. Ne5 Rxd1 23. Bxd1 Rd8 24. Nc4) 21... Rxd1
22. Bxd1 Bc7 (22... Rd8 {is more complex.} 23. Nc4 Bc7 24. g3 f5 25. Ba4 g5)
23. Nxc6+ Bxc6 24. Rxc6 Bxh2 $11 {[%mdl 4096] Endgame KRB-KRB} 25. Rc3 (25. Rc4
{seems wilder.} Rb8 26. b4 Bd6 27. a3 Rb7 28. Rh4) 25... Rb8 26. Rb3 Rxb3 27.
Bxb3 $15 {KB-KB} Be5 28. g4 $1 Bxb2 29. Kf2 Bd4+ 30. Kg2 Bb2 (30... Be5 $15)
31. Bc4 (31. Kf2 $11) 31... Bd4 32. Bb3 Bb2 ({Better is} 32... Be5 $15) 33. Bc4
(33. Kf2 $11) 33... Bd4 {Weighted Error Value: White=0.15/Black=0.10} ({
Black should play} 33... Be5 $15) 1/2-1/2

[Event "FIDE Chesscom Grand Swiss 2021"]
[Site "Riga"]
[Date "2021.10.27"]
[Round "1.5"]
[White "Vitiugov, Nikita"]
[Black "Dreev, Aleksey"]
[Result "1/2-1/2"]
[WhiteElo "2727"]
[BlackElo "2635"]
[Annotator "TA"]
[PlyCount "64"]
[EventDate "2021.10.27"]
[EventType "swiss"]
[EventCountry "LAT"]
[Tiebreak "Cut1 Buchholz+Sonneborn-Berger (Swiss)"]
[SourceTitle "playchess.com"]
[Source "ChessBase"]
[SourceQuality "1"]

{[%evp 11,64,15,15,12,20,21,21,18,41,50,48,54,37,33,52,34,35,29,22,15,23,11,23,
0,0,0,0,0,0,-10,-1,0,-5,-10,-10,-10,-14,-16,-8,-8,-8,-8,-8,-8,-8,-16,-14,-25,
-24,-45,0,0,0,0,0]} 1. c4 e6 2. Nf3 d5 3. d4 Nf6 4. g3 dxc4 5. Bg2 Bb4+ 6. Bd2
a5 7. Qc2 {E04: Open Catalan: 5 Nf3.} Bxd2+ 8. Qxd2 c6 9. a4 b5 10. axb5 {
10.Na3 is not played anymore.} cxb5 11. Qg5 O-O 12. Qxb5 Ba6 13. Qxa5 Bb7 $1
14. Qxd8 Rxa1 {[#]} 15. Qxf8+ Kxf8 16. O-O {Black must now prevent Ne5.} Ra2
17. Nc3 Rxb2 {[#]} 18. Rc1 $146 ({Predecessor:} 18. Rb1 Rxb1+ 19. Nxb1 Nd5 20.
Ne1 {1/2-1/2 (20) Blagojevic,D (2513)-Wojtaszek,R (2635) Heraklion 2007}) 18...
Nbd7 19. Kf1 Nb6 20. Ke1 g5 21. Kf1 h6 22. Ne5 Bxg2+ 23. Kxg2 Nfd5 24. Kf1 Nxc3
25. Rxc3 $11 {[%mdl 4096] Endgame KRN-KRN} Rb1+ 26. Kg2 Rb3 27. Rc1 c3 28. Nd3
Nd5 29. Kf1 Ke7 30. Ke1 Nb4 31. Nxb4 Rxb4 32. Rxc3 Rxd4 {Weighted Error Value:
White=0.04/Black=0.03} 1/2-1/2

[Event "FIDE Chesscom Grand Swiss 2021"]
[Site "Riga"]
[Date "2021.10.27"]
[Round "1.6"]
[White "Erigaisi Arjun"]
[Black "Esipenko, Andrey"]
[Result "1/2-1/2"]
[WhiteElo "2634"]
[BlackElo "2720"]
[Annotator "TA"]
[PlyCount "85"]
[EventDate "2021.10.27"]
[EventType "swiss"]
[EventCountry "LAT"]
[Tiebreak "Cut1 Buchholz+Sonneborn-Berger (Swiss)"]
[SourceTitle "playchess.com"]
[Source "ChessBase"]
[SourceQuality "1"]

{[%evp 12,85,20,14,21,18,10,0,11,4,12,0,6,0,0,0,14,11,21,20,24,10,35,10,81,78,
72,66,72,78,84,77,77,66,83,83,104,102,88,95,116,74,76,71,76,77,92,66,76,69,89,
53,89,67,68,0,79,53,65,54,52,54,54,56,65,0,0,0,0,0,0,0,0,0,0,0]} 1. d4 Nf6 2.
c4 e6 3. Nc3 Bb4 4. f3 d5 5. a3 Be7 6. e4 dxc4 7. Bxc4 c5 {E20: Nimzo-Indian:
4 g3 and 4 f3.} 8. dxc5 {Qxd8+ is the strong threat.} Qxd1+ 9. Kxd1 {Black
should prevent Nb5.} Bxc5 10. b4 Bb6 11. Nge2 {[#]} O-O $146 ({Predecessor:} 
11... Ke7 12. Kc2 Nc6 13. Rd1 Bd7 14. Bf4 Rhc8 15. Bd6+ Kd8 16. Kb3 Ne8 17. Bf8
a6 {1-0 (34) Enders,P (2516)-Taimanov,M (2439) Fuerth 2001}) 12. Na4 Bc7 13.
Be3 Rd8+ 14. Kc2 Nbd7 15. Rac1 a6 16. Kb1 {aiming for Bxe6!} b5 17. Ba2 $36 {
[%mdl 2048] White has some pressure.} Ne8 {[#]} (17... Be5 $11 18. Nc5 Nxc5 19.
bxc5 Rd3) 18. Bg5 $1 $16 {Hoping for Rxc7.} bxa4 {[#]} 19. Rxc7 $1 Nxc7 (19...
f6 20. Bxe6+) 20. Bxd8 Nb5 {[#]} 21. Kb2 $1 Bb7 22. Be7 Re8 23. Bh4 h6 24. Rd1
Bc6 25. Bg3 Rc8 26. Nf4 Kf8 27. Rc1 Ke7 28. Nd3 Nd6 29. Nc5 Nxc5 30. Rxc5 Nb7
31. Rc3 Kd7 32. Rd3+ Ke7 33. Rc3 Kd7 $1 34. Be5 f6 35. Bg3 e5 36. Bc4 Ra8 37.
Bf2 Nd6 38. Rd3 (38. Ba2 $1 $14 Bb5 39. Rc1) 38... Bb5 $11 {The position is
equal.} 39. Bxb5+ axb5 40. Bc5 Ra6 41. Rd5 Kc7 42. Bxd6+ Rxd6 43. Rxd6 {
Weighted Error Value: White=0.11/Black=0.09} 1/2-1/2

[Event "FIDE Chesscom Grand Swiss 2021"]
[Site "Riga"]
[Date "2021.10.27"]
[Round "1.7"]
[White "Harikrishna, Pentala"]
[Black "Kovalev, Vladislav"]
[Result "1/2-1/2"]
[WhiteElo "2719"]
[BlackElo "2634"]
[Annotator "TA"]
[PlyCount "60"]
[EventDate "2021.10.27"]
[EventType "swiss"]
[EventCountry "LAT"]
[Tiebreak "Cut1 Buchholz+Sonneborn-Berger (Swiss)"]
[SourceTitle "playchess.com"]
[Source "ChessBase"]
[SourceQuality "1"]

{[%evp 25,60,25,27,23,35,7,34,11,13,0,0,0,0,-4,-10,-20,-11,-16,-17,-22,-10,-7,
0,0,0,-27,-16,-37,-18,-18,10,8,20,6,2,-18,-5]} 1. e4 e5 2. Nf3 Nc6 3. Bb5 a6 4.
Ba4 Nf6 5. O-O Be7 6. Re1 b5 7. Bb3 d6 8. c3 O-O 9. h3 Na5 10. Bc2 c5 11. d4
Qc7 12. Nbd2 Be6 13. d5 Bd7 14. Nf1 {C97: Closed Ruy Lopez: Chigorin Defence:
11 d4 Qc7, sidelines.} Nc4 15. Ng3 {[#]} g6 $146 ({Predecessor:} 15... Rfc8 16.
Nh4 g6 17. Nf3 Ne8 18. Nh2 Ng7 19. Rf1 Bh4 20. Nf3 Be7 21. Nh2 Rf8 {1/2-1/2 
(83) Nakahara,K (2095)-Advait,B (2242) Chess.com INT 2020}) 16. b3 {White is
slightly better.} Nb6 17. Bg5 Rfc8 18. Qd2 a5 19. Qe2 c4 20. bxc4 Nxc4 21. Bd3
Na3 22. Rac1 Kg7 23. Qe3 Ng8 {next ...f6 is good for Black.} 24. Bxe7 Nxe7 25.
Qg5 {[#] Threatens to win with Nh5+.} Ng8 26. Nf5+ Kf8 27. Ne3 {The position
is equal.} Qd8 28. Qxd8+ Rxd8 29. c4 bxc4 30. Nxc4 Nxc4 {Not much happened in
this game.  Weighted Error Value: White=0.08/Black=0.07} 1/2-1/2

[Event "FIDE Chesscom Grand Swiss 2021"]
[Site "Riga"]
[Date "2021.10.27"]
[Round "1.8"]
[White "Moussard, Jules"]
[Black "Dubov, Daniil"]
[Result "1/2-1/2"]
[WhiteElo "2632"]
[BlackElo "2714"]
[Annotator "TA"]
[PlyCount "61"]
[EventDate "2021.10.27"]
[EventType "swiss"]
[EventCountry "LAT"]
[Tiebreak "Cut1 Buchholz+Sonneborn-Berger (Swiss)"]
[SourceTitle "playchess.com"]
[Source "ChessBase"]
[SourceQuality "1"]

{[%evp 9,61,29,38,36,30,36,26,32,31,25,31,41,60,56,56,48,45,46,57,7,8,0,0,0,0,
0,0,0,0,0,0,0,0,0,0,0,0,-10,-15,-17,-16,-12,0,0,0,0,0,0,0,0,0,0,0,0]} 1. e4 e5
2. Nf3 Nc6 3. Bc4 Nf6 4. d3 h6 5. c3 d6 6. a4 {C55: Two Knights: 4 d3, 4 d4
exd4 5 e5 and Max Lange Attack.} g5 7. O-O Bg7 8. Re1 {White has an edge.} O-O
9. a5 a6 10. h3 {[#]} d5 $146 ({Predecessor:} 10... Ne7 11. Nbd2 Ng6 12. Nf1
Be6 13. Ng3 Qd7 14. Qb3 c6 15. Bxe6 fxe6 16. d4 Nh7 {1/2-1/2 (88) Kollars,D 
(2584)-Dhulipalla,B (2414) Stockholm 2019}) 11. exd5 Nxd5 12. Qb3 Nde7 13. Be3
Bf5 14. Bc5 {White wants to play d4.} (14. Qc2 {feels hotter.} Nd5 15. Nbd2 Be6
16. Qa4 Qd7 17. Ne4) 14... Bxd3 {The position is equal.} 15. Bxd3 Qxd3 16. Bxe7
Nxe7 17. Nxe5 Qd5 18. Qxd5 Nxd5 19. Nd2 Rfe8 20. Nec4 b5 21. axb6 {[#] b7 is
the strong threat.} Rxe1+ 22. Rxe1 {Strongly threatening b7.} cxb6 23. Ra1 b5
24. Ne3 Nxe3 25. fxe3 $11 {[%mdl 4096] Endgame KRB-KRN} b4 26. cxb4 Bxb2 27.
Ra4 Rb8 28. Rxa6 Bg7 29. Kf2 Rxb4 30. Kf3 Rb8 31. Ra2 {Weighted Error Value:
White=0.03/Black=0.02} 1/2-1/2

[Event "FIDE Chesscom Grand Swiss 2021"]
[Site "Riga"]
[Date "2021.10.27"]
[Round "1.9"]
[White "Alekseenko, Kirill"]
[Black "Shevchenko, Kirill"]
[Result "1-0"]
[WhiteElo "2710"]
[BlackElo "2632"]
[Annotator "TA"]
[PlyCount "79"]
[EventDate "2021.10.27"]
[EventType "swiss"]
[EventCountry "LAT"]
[Tiebreak "Cut1 Buchholz+Sonneborn-Berger (Swiss)"]
[SourceTitle "playchess.com"]
[Source "ChessBase"]
[SourceQuality "1"]

{[%evp 9,79,13,11,0,6,0,19,0,0,0,0,16,14,28,31,38,20,40,26,33,23,16,25,21,89,
73,71,74,116,70,70,29,142,150,175,154,211,186,181,133,133,133,144,144,147,147,
141,122,132,118,100,102,138,138,194,194,298,292,292,285,564,366,927,876,1140,
936,962,869,947,870,1345,1132]} 1. e4 c5 2. Nf3 d6 3. Bb5+ Nd7 4. d4 Ngf6 5.
Bd3 cxd4 6. Nxd4 {B51: Sicilian: Moscow Variation (3 Bb5+) without 3...Bd7.}
Nc5 7. Nc3 {[#]} e6 $146 ({Predecessor:} 7... a6 8. O-O g6 9. Nb3 Nxd3 10. cxd3
Bg7 11. a4 Bg4 12. f3 Qb6+ 13. d4 Be6 {1/2-1/2 (32) Tari,A (2625)-Duda,J (2743)
Wijk aan Zee 2021}) 8. O-O {The position is equal.} Be7 9. Re1 O-O 10. Bf1 Qc7
11. a4 Rd8 12. Bf4 a6 {[#] Strongly threatening ...e5.} 13. e5 dxe5 14. Bxe5
Qa5 15. Qf3 Ncd7 16. Bg3 Bb4 (16... Nc5 $11 17. Red1 Bd7) 17. Rad1 Re8 18. Nb3
Qh5 19. Qe3 e5 20. a5 e4 {[#]} (20... Nb8 $11 {remains equal.}) 21. Rd4 $1 $16
{[%cal Rd4b4]} Bxc3 22. Qxc3 Ne5 (22... Nd5 $16 23. Qf3 N5f6 24. Qxh5 Nxh5 25.
Rexe4 (25. Rdxe4 Rxe4 26. Rxe4 Ndf6 $18) 25... Rxe4 26. Rxe4 Ndf6) 23. Nc5 $18
Nc6 24. Nxe4 Nxe4 25. Rdxe4 Rxe4 26. Rxe4 {[%cal Re4e8]} Be6 27. b4 Rd8 28. Re1
Qd5 29. f3 h6 30. Rb1 Nd4 31. Bf2 Bf5 (31... Qe5 $16 32. Kh1 Nc6 33. Qxe5 Nxe5)
32. Rd1 {[%cal Rd1d4]} Nxf3+ (32... Qc6 {was necessary.} 33. Qxc6 (33. Rxd4
Qxc3 34. Rxd8+ Kh7 $17) 33... Nxc6 34. Rxd8+ Nxd8) 33. Qxf3 Qxd1 34. Qxf5 Rd6
$2 (34... Qb1 {was called for.} 35. Bb6 Rd1 36. Qc8+ Kh7) 35. c3 g6 $2 (35...
Rd8 36. Qe5 Qd6) 36. Qc8+ {White is clearly winning.} Kh7 37. Qxb7 Rf6 38. Qe7
Rf5 39. Qe1 Qc2 40. Bd4 {Weighted Error Value: White=0.16/Black=0.34} 1-0

[Event "FIDE Chesscom Grand Swiss 2021"]
[Site "Riga"]
[Date "2021.10.27"]
[Round "1.10"]
[White "Ponomariov, Ruslan"]
[Black "Fedoseev, Vladimir"]
[Result "1/2-1/2"]
[WhiteElo "2631"]
[BlackElo "2704"]
[Annotator "TA"]
[PlyCount "69"]
[EventDate "2021.10.27"]
[EventType "swiss"]
[EventCountry "LAT"]
[Tiebreak "Cut1 Buchholz+Sonneborn-Berger (Swiss)"]
[SourceTitle "playchess.com"]
[Source "ChessBase"]
[SourceQuality "1"]

{[%evp 14,69,9,0,0,6,13,-10,0,-4,11,13,4,0,0,17,18,0,27,0,-7,0,12,16,8,0,0,0,
41,0,2,0,0,0,0,0,0,0,0,0,0,0,0,0,0,0,0,0,0,0,0,0,0,0,0,0,0,0]} 1. e4 c5 2. Nf3
d6 3. d4 cxd4 4. Qxd4 Nc6 5. Bb5 a6 6. Bxc6+ bxc6 7. O-O e5 8. Qd3 Ne7 {
B51: Sicilian: Moscow Variation (3 Bb5+) without 3...Bd7.} 9. Rd1 {next Nxe5!
is good for White.} Ng6 10. Na3 f6 11. Be3 Be6 (11... d5 $5) 12. Nc4 {[%cal
Rc4d6]} d5 13. Nb6 {White wants to play Qc3.} Nf4 14. Qf1 Rb8 15. exd5 Nxd5 16.
Nxd5 cxd5 17. c4 Qa5 18. cxd5 Bxd5 {[#]} 19. Rac1 $146 ({Predecessor:} 19. a3
Bb3 20. Rdc1 Be7 21. Nd2 Bd5 22. b4 Qb5 23. Rc7 Kf7 24. Rac1 Rhe8 25. Ra7 {
1-0 (66) Paichadze,L (2564)-Mgeladze,T (2374) Poti 2018}) 19... Rd8 ({Much
worse is} 19... Rxb2 $6 20. Qd3 $16) 20. a3 Be7 21. b4 Qb5 {The position is
equal.} 22. Qxb5+ axb5 23. Bb6 Bxf3 24. gxf3 Rxd1+ 25. Rxd1 $11 {[%mdl 4096]
Endgame KRB-KRB} Kf7 26. Rd7 Ke6 27. Rb7 Rc8 28. Be3 Rc3 29. Rb6+ Kd7 30. Rxb5
Rxa3 31. Rb7+ Ke6 32. Rb6+ Kd7 33. Rb7+ Ke6 34. Rb6+ Kd7 35. Rb7+ {An
uneventful encounter.  Weighted Error Value: White=0.04/Black=0.04} 1/2-1/2

[Event "FIDE Chesscom Grand Swiss 2021"]
[Site "Riga"]
[Date "2021.10.27"]
[Round "1.11"]
[White "Yu, Yangyi"]
[Black "Keymer, Vincent"]
[Result "1/2-1/2"]
[WhiteElo "2704"]
[BlackElo "2630"]
[Annotator "TA"]
[PlyCount "80"]
[EventDate "2021.10.27"]
[EventType "swiss"]
[EventCountry "LAT"]
[Tiebreak "Cut1 Buchholz+Sonneborn-Berger (Swiss)"]
[SourceTitle "playchess.com"]
[Source "ChessBase"]
[SourceQuality "1"]

{[%evp 13,80,14,24,24,30,32,35,42,53,45,62,45,62,44,58,54,53,35,65,65,65,65,65,
65,65,65,65,65,65,65,65,58,58,18,58,58,65,58,58,49,58,58,58,0,58,58,58,58,58,
58,65,65,65,0,58,0,65,65,65,65,66,58,58,58,58,58,58,0,77]} 1. e4 c6 2. d4 d5 3.
e5 Bf5 4. Nf3 e6 5. Be2 c5 6. c3 Nc6 7. O-O Bg6 8. a3 {[%cal Ba2a3,Ba3a4][%mdl
32] [#] B12: Caro-Kann: Advance Variation.} Be7 $146 ({Predecessor:} 8... cxd4
9. cxd4 Nge7 10. b4 Nc8 11. Nbd2 Nb6 12. Bb2 Be7 13. b5 Na5 14. Bc3 Nbc4 15.
Qa4 O-O {1/2-1/2 (40) Kollars,D (2598)-Fridman,D (2601) Magdeburg 2021}) 9. b4
c4 10. a4 {White is slightly better.} h5 11. Na3 {[%cal Bb1a3,Ba3c2,Bc2e3]
[%mdl 32]} h4 12. Nc2 a6 13. Bf4 Nh6 14. Ne3 Nf5 15. Ng4 a5 16. b5 Nb8 17. h3
Nd7 18. Qd2 Nb6 19. Bd1 Kd7 20. Bc2 (20. Re1 {with more complications.} Kc7 21.
Ra2 Rc8 22. Bc2 Qg8 23. Qd1) 20... Rh5 21. Kh1 Qg8 22. Ng1 Rh8 23. Rae1 Rf8 24.
Nf3 Rc8 25. Kg1 Bd8 26. Qc1 Be7 27. Bg5 Qd8 28. Bf4 Qg8 $1 29. Re2 Rh5 30. Rfe1
Qf8 31. Bd1 Ba3 32. Qa1 Be7 33. Qc1 (33. Ra2 {seems wilder.} Kc7 34. Bc1 Kb8
35. Qb2 Rh8 36. Qd2) 33... Ba3 $1 {[%cal Ra3c1]} 34. Qa1 (34. Qd2 {looks
sharper.} Kc7 35. Qa2 Kb8 36. Qa1 Be7 37. Ra2) 34... Be7 $1 35. Ra2 Qd8 36. Qc1
(36. Bc1 {is more complex.} Kc7 37. Bc2 Kb8 38. Ne3 Qe8 39. Qb1) 36... Qg8 37.
Nfh2 Rh8 38. Nf1 Ra8 39. Nd2 Rc8 40. Nf3 Rh5 $1 {Weighted Error Value: White=0.
11/Black=0.04} 1/2-1/2